| 000 | 00671nam a2200241 a 4500 | ||
|---|---|---|---|
| 001 | BRL_798 | ||
| 005 | 20190320210913.0 | ||
| 008 | 081013s1977----mx-a######---#000-0#spa-# | ||
| 041 | _aspa | ||
| 044 | _amx | ||
| 050 | 4 |
_aE81 _b.T47 1977 |
|
| 100 | 1 |
_aTerrazas Sánchez, Filiberto _924980 |
|
| 245 | 1 | 0 |
_aLa guerra apache en México _b(viento de octubre) _cFiliberto Terrazas Sánchez. |
| 250 | _a2a ed. | ||
| 260 |
_aMéxico, D.F. _bB. Costa-Amic _c1977 |
||
| 300 |
_a180 p. _bil. _c18 cm. |
||
| 500 | _aAu948 | ||
| 650 | 1 | 4 |
_aApaches _xGuerras _924981 |
| 650 | 1 | 4 |
_aApaches _xHistoria _924982 |
| 650 | 1 | 4 |
_aIndígenas _xGuerras _924983 |
| 902 | _aGRL | ||
| 942 |
_2lcc _cB |
||
| 999 |
_c9610 _d9610 |
||